000 00590nam a2200193Ia 4500
008 140626s9999 xx 000 0 und d
100 _aKim, Sunghoon..
245 _aModel-based segmentation featuring simultaneous segment-level variable selection /
_cSunghoon Kim ... [et al.].
260 _cc2012.
300 _a49 : 5, page 725
440 _aJournal of Marketing Research
521 _aBSBA
650 _aBayesian analysis.
650 _aCustomer satisfaction.
650 _aFinite mixtures.
650 _aMultiple regression.
650 _aPerceived quality.
942 _cSE
999 _c121062
_d121062